1932 1690 1415 1192 1442 1633 1099 1009 1173 1505 1496 1812 1335 1464 1079 1514 1196 1489 1633 1968 1714 1429 1749 1453 1610 1101 1496 1976 1808 1862 1000 1898 1579 1808 1066 1286 1374 1595 1152 1045 1006 1869 1061 1333 1283 1755 1569 1481 1039 1359 1062 1887 1360 1561 1530 1275 1754 1039 1989 1683 1566 1557 1090 1283 1326 1236 1288 1826 1605 1162 1993 1673 1582 1560 1083 1844 1680 1785 1438 1901 1712 1152 1259 1650 1364 1000 1249 1101 1384 1403 1904 1117 1647 1355 1971 1848 1392 1683 1978 BCNSPRNW ULIB Ver.6.0+V

เปลี่ยนเป็นภาษาไทย

Change to English
 แสดงรายละเอียดบรรณานุกรม
  กลับหน้าหลัก

Brief Record : Get Marc (ISO 2709) : E-mail record : QR code < ปิดหน้าต่าง
LEADER : 00000nam 2200000uu 4500
001    13399123252
003     ULIB
008    140807s2554||||th 000 0 tha d
020    ^a9786165001915
090    ^aนว^bร147น
100 0  ^aร่มแก้ว
245 10 ^aในม่านเมฆ /^cร่มแก้ว
250    ^aพิมพ์ครั้งที่ 1
260    ^aกรุงเทพฯ :^bพิมพ์คำ,^c2554
300    ^a359 หน้า ;^c21 ซม.
490 1  ^aชุดลูกไม้ของพ่อ
650  4 ^aนวนิยายไทย
830  0 ^aชุดลูกไม้ของพ่อ
945    ^p230^l0^i034551
999    ^aเกษร โพธิ์สุวรรณ
รายการนี้ยังไม่มีแท็ก
คุณยังไม่ได้ล็อกอิน คุณสามารถมีกิจกรรมร่วมกับเว็บไซต์ได้ แต่ต้องล็อกอินก่อน ::
  ล็อกอิน

รายการสื่อสารสนเทศ

ลำดับที่ ประเภท เลขเรียก/บาร์โค้ด สถานที่ สถานะ
1. นวนิยาย
นวนิยาย
นว ร147น ฉ.1 
  Barcode: 034551
ห้องสมุดวิทยาเขตนครสวรรค์
►นวนิยาย:l:Fiction
บนชั้น
Note:อภินันทนาการโดย อาจารย์จุฑารัตน์ สว่างชัย

รายการใกล้เคียง
    ผู้แต่ง [ร่มแก้ว]

    หัวเรื่อง [นวนิยายไทย]

BibComment


ยังไม่เคยถูกคอมเมนท์

คอมเมนท์ทรัพยากรรายการนี้
  คอมเมนท์: ในม่านเมฆ ร่มแก้ว


 Copyright 2026. Bcnsprnw @Library